ბათუმის შოთა რუსთაველის სახელმწიფო უნივერსიტეტის ბიბლიოთეკა

დღესასწაულთმეცნიერება და სახოტბო პოეზია (ჰიმნოგრაფია) / (ბიბ.ჩანაწერი № 55177)

000 -ლიდერი
ფიქსირებული სიგრძის საკონტროლო ველი 02228nam a2200325Ia 4500
001 - საკონტროლო ნომერი
საკონტროლო ველი 22252
003 - საკონტროლო ნომრის იდენტიფიკატორი
საკონტროლო ველი GE_BSU
005 - ბოლო ოპერაციის თარიღი და დრო
საკონტროლო ველი 20230220112330.0
008 - ფიქსირებული სიგრძის მონაცემთა ელემენტები - ზოგადი ინფორმაცია
ფიქსირებული სიგრძის საკონტროლო ველი 181216s2013||||ge |||||||||||||| ||geo||
020 ## - წიგნის საერთაშორისო სტანდარტული ნომერი
International Standard Book Number 9789941401336
040 ## - კატალოგიზაციის წყარო
Transcribing agency GE_BSU
041 ## - ენის კოდი
Language code of text/sound track or separate title geo
080 ## - უნივერსალური ათობითი კლასიფიკაციის ინდექსი
Universal Decimal Classification number 821.353.1.09-141 კ-46
100 ## - მთავარი ჩანაწერი - პიროვნების სახელი
Personal name კვირიკაშვილი, ლიანა
9 (RLIN) 16975
245 ## - ცნობა სათაურის შესახებ
Title დღესასწაულთმეცნიერება და სახოტბო პოეზია (ჰიმნოგრაფია) /
Statement of responsibility, etc ლიანა კვირიკაშვილი ; რედაქტორი რისმაგ გორდეზიანი.
264 ## - წარმოების, გამოცემის, დისტრიბუციის და სხვა ცნობები
გამოცემის, წარმოების, დისტრიბუციის... ადგილი თბილისი :
გამოცემის, წარმოების, დისტრიბუციის... სახელწოდება ლოგოსი,
გამოცემის, წარმოების, დისტრიბუციის... თარიღი 2013.
300 ## - ფიზიკური აღწერა
Extent 387 გვ. ;
Dimensions 30 სმ.
490 ## - სერიის ცნობა
Series statement პროგრამა "ლოგოსი"
500 ## - ზოგადი შენიშვნა
General note წიგნს წამძღვარებული აქვს "მამაო ჩუენო"-სა დასდებელნი
520 ## - SUMMARY, ETC.
Summary, etc წიგნს წამძღვარებული აქვს "მამაო ჩუენო"-სა დასდებელნი.
653 ## - INDEX TERM--UNCONTROLLED
Uncontrolled term დღესასწაულთმეცნიერება
653 ## - INDEX TERM--UNCONTROLLED
Uncontrolled term სახოტბო პოეზია
653 ## - INDEX TERM--UNCONTROLLED
Uncontrolled term ჰიმნოგრაფია
653 ## - INDEX TERM--UNCONTROLLED
Uncontrolled term პუბლიკაციები და ღონისძიებები კლასიკური ფილოლოგიის, ბიზანტინისტიკისა და ნეოგრეციტიკის სფეროში
653 ## - INDEX TERM--UNCONTROLLED
Uncontrolled term ქართული ლიტერატურა
700 ## - ADDED ENTRY--PERSONAL NAME
Personal name გორდეზიანი, რისმაგ
Relator term რედაქტორი
9 (RLIN) 16976
710 ## - ADDED ENTRY--CORPORATE NAME
Corporate name or jurisdiction name as entry element ივანე ჯავახიშვილის სახელობის თბილისის სახელმწიფო უნივერსიტეტის
Subordinate unit კლასიკური ფილოლოგიის, ბიზანტინისტიკისა და ნეოგრეცისტიკის ინსტიტუტი
9 (RLIN) 16977
942 ## - ADDED ENTRY ELEMENTS (KOHA)
Koha item type წიგნი
Source of classification or shelving scheme
ეგზემპლარები
ჩამოწერის სტატუსი დაკარგული ეგზემპლარის სტატუსი კლასიფიკაციის წყარო ან თაროზე გაწყობის სქემა დაზიანების სტატუსი არ გაიცემა მუდმივი მდებარეობა (დაცვის ადგილი) ამჟამინდელი ადგილსამყოფელი თაროზე განთავსების ადგილი შეძენის თარიღი ღირებულება, შესყიდვის ნორმალური ფასი სრული შენახვის შიფრი შტრიხკოდი ბოლო ოპერაციის თარიღი ეგზემპლარის მიმდევრობითი ნომერი (კეტერი?) ფასის ძალაში შესვლის თარიღი ეგზემპლარის სახეობა საჯარო შენიშვნა
          ბათუმის შოთა რუსთაველის სახელმწიფო უნივერსიტეტის მთავარი ბიბლიოთეკა ბათუმის შოთა რუსთაველის სახელმწიფო უნივერსიტეტის მთავარი ბიბლიოთეკა წიგნსაცავი 2018-12-17 25.00 821.353.1.09-141 კ-46 57347 2018-12-17 57347 2018-12-17 წიგნი 25.00 ₾.
          ბათუმის შოთა რუსთაველის სახელმწიფო უნივერსიტეტის მთავარი ბიბლიოთეკა ბათუმის შოთა რუსთაველის სახელმწიფო უნივერსიტეტის მთავარი ბიბლიოთეკა წიგნსაცავი 2018-12-17 25.00 821.353.1.09-141 კ-46 57348 2018-12-17 57348 2018-12-17 წიგნი 25.00 ₾.